Corporeidade e teologia

-д хадгалсан:
Номзүйн дэлгэрэнгүй
Байгууллагын зохиогч: Soter - Sociedade de Teologia e Ciências da Religião
Формат: Ном
Хэл сонгох:англи
Хэвлэсэн: São Paulo, Brasil: Paulinas, 2005
Нөхцлүүд:
Шошгууд: Шошго нэмэх
Шошго байхгүй, Энэхүү баримтыг шошголох эхний хүн болох!

MARC

LEADER 00000nam a22000007a 4500
003 CL-VaPUC
005 20220718115834.0
008 220421b2005 ||||| |||| 00| 0 eng d
999 |c 435468  |d 435466 
020 |a 85-356-1568-7 
040 |c Pontificia Universidad Católica de Valparaíso 
082 0 4 |2 22  |a 233.5 SOT 2005 
110 1 |a Soter - Sociedade de Teologia e Ciências da Religião  |9 868714 
245 1 0 |a Corporeidade e teologia 
260 |a São Paulo, Brasil:  |b Paulinas,  |c 2005 
300 |a 300 páginas 
500 |a C1. Donación Facultad de Teología, libro pertenciente a la Profesora Eugenia Colomer (Q.E.P.D). Correo en papel 01/04/2022 
583 |c 20220421  |k Catalogador Asistente 
650 1 |a Cuerpo humano  |x Aspectos religiosos  |9 859702 
650 1 |a Cuerpo humano  |x Cristianismo  |9 870746 
942 |2 ddc  |c BK 
952 |0 0  |1 0  |2 ddc  |4 0  |6 233_500000000000000_SOT_2005  |7 0  |8 A  |9 582740  |a BIBTEO  |b BIBTEO  |c GEN  |d 2022-04-21  |e Donación  |i 5650900  |o 233.5 SOT 2005  |p 5650900  |r 2025-01-17  |t 1  |w 2022-04-21  |y BK  |k ICR